| 000 | 00671nam a22002057a 4500 | ||
|---|---|---|---|
| 005 | 20251108165503.0 | ||
| 008 | 250721s1993 xx 000 0 ara d | ||
| 082 | 1 | 4 | _aم/217.52/تيم |
| 100 | 1 | _aإبن تيمية، تقي الدين أبو العباس | |
| 245 | 1 | 0 |
_aشرح العمدة في الفقه : _bكتاب الطهارة / |
| 264 | 1 |
_aالرياض : _bمكتبة العبيكان، _c1993. |
|
| 300 | _a621ص | ||
| 650 | 1 | 7 | _aالإسلام |
| 650 | 1 | 7 | _aالفقه الإسلامي |
| 650 | 1 | 7 | _aالفقه الحنبلي |
| 650 | 1 | 7 | _aالطهارة |
| 700 | 1 | _aالعطيشات، سعود بن صالح | |
| 942 |
_2ddc _cREF |
||
| 999 |
_c29088 _d29088 |
||